02504nam a2200241Ia 4500003000400000005001700004008004000021020001800061040000700079041000800086082001500094100002500109245005300134260004400187300000800231520174700239650002001986690002902006906001102035942001202046999001902058952018502077OSt20240703125302.0210210b2019 xxu||||| |||| 00| 0 eng d a9789387944893 cAL aeng a158.1 SHAF aSHARMA (Robin)91736 aFive AM Club: own your morning elevate your life aAhmedabadbJaico Publishing Housec2019 a314 aPart manifesto for mastery, part playbook for genius-grade productivity and part companion for a life lived beautifully, the 5 am club is a work that will transform your life. Forever.Legendary leadership and elite performance expert Robin Sharma introduced The 5 AM Club concept over twenty years ago, based on a revolutionary morning routine that has helped his clients maximize their productivity, activate their best health and bulletproof their serenity in this age of overwhelming complexity.Now, in this life-changing book, handcrafted by the author over a rigorous four year period, you will discover the early-rising habit that has helped so many accomplish epic results while upgrading their happiness, helpfulness and feelings of aliveness.Through an enchanting?and often amusing?story about two struggling strangers who meet an eccentric tycoon who becomes their secret mentor, The 5 AM Club will walk you through:? How great geniuses, business titans and the world?s wisest people start their mornings to produce astonishing achievements? A little-known formula you can use instantly to wake up early feeling inspired, focused and flooded with a fiery drive to get the most out of each day ? A step-by-step method to protect the quietest hours of daybreak so you have time for exercise, self-renewal and personal growth? A neuroscience-based practice proven to help make it easy to rise while most people are sleeping, giving you precious time for yourself to think, express your creativity and begin the day peacefully instead of being rushed? ?Insider-only? tactics to defend your gifts, talents and dreams against digital distraction and trivial diversions so you enjoy fortune, influence and a magnificent impact on the world a5 AM Club91737 aApplied Psychology91745 a073225 2ddccBK c123076d123076 001040708GeneralaALbALcPsychologyd2021-02-17eNavakarnataka Publication Pvt Ltd Mangaloreg350.00l13m3o158.1 SHAFp073225r2026-03-31 13:15:42s2026-03-06w2021-02-17yBK